000
00315nam a2200109Ia 4500
008
220204s9999 xx 000 0 und d
082
_a
NR:330(048.1)
_b
KWA
100
_a
Kaw Hun Woon
245
0
_a
Abstract of thesis of RRIM staff on postgraduate program 1973-1978
260
_a
Kuala Lumpur
_b
RRIM
_c
1979
942
_c
BK
999
_c
43732
_d
43732